| Tag |
First Indicator |
Second Indicator |
Subfields |
| LEADER |
00000cam a2200000 a 4500 |
| 001 |
in00000033150 |
| 005 |
20151007055133.0 |
| 008 |
861202s1987 orua b 00110deng |
| 010 |
|
|
|a 86031263
|
| 020 |
|
|
|a 0875951902 :
|c $19.95 (est.)
|
| 035 |
|
|
|a (OCoLC)15016399
|
| 035 |
|
|
|9 AAB7367AM
|
| 040 |
|
|
|a DLC
|c DLC
|d TXA
|d UtOrBLW
|
| 043 |
|
|
|a n-us-or
|
| 049 |
|
|
|a TXAM
|c [A11645412]
|
| 050 |
0 |
0 |
|a E78.O6
|b S86 1987
|
| 082 |
0 |
|
|a 979.5/62
|2 19
|
| 100 |
1 |
|
|a Stowell, Cynthia D.,
|d 1951-
|
| 245 |
1 |
0 |
|a Faces of a reservation :
|b a portrait of the Warm Springs Indian Reservation : text and photographs /
|c by Cynthia D. Stowell.
|
| 264 |
|
1 |
|a [Portland, Or.] :
|b Oregon Historical Society Press,
|c 1987.
|
| 300 |
|
|
|a xxii, 197 pages :
|b illustrations ;
|c 29 cm.
|
| 336 |
|
|
|a text
|b txt
|2 rdacontent
|
| 337 |
|
|
|a unmediated
|b n
|2 rdamedia
|
| 338 |
|
|
|a volume
|b nc
|2 rdacarrier
|
| 504 |
|
|
|a Bibliography: pages 190-192.
|
| 500 |
|
|
|a Includes index.
|
| 651 |
|
0 |
|a Warm Springs Indian Reservation (Or.)
|
| 650 |
|
0 |
|a Indians of North America
|z Oregon
|x History.
|
| 650 |
|
0 |
|a Indians of North America
|z Oregon
|x Biography.
|
| 999 |
|
|
|a MARS
|
| 999 |
f |
f |
|s 1d3952fd-098e-3b91-a8f7-570d2623fa4c
|i ad45d74f-97e6-3cf6-a723-b240c6880fb2
|t 0
|
| 952 |
f |
f |
|p normal
|a Texas A&M University
|b College Station
|c Sterling C. Evans Library
|d Evans: Library Stacks
|t 0
|e E78.O6 S86 1987
|h Library of Congress classification
|i unmediated -- volume
|m A14811645412
|
| 998 |
f |
f |
|a E78.O6 S86 1987
|t 0
|l Evans: Library Stacks
|